| 000 | 01352cam a22002891 4500 | ||
|---|---|---|---|
| 001 | 76770 | ||
| 003 | BD-RjUL | ||
| 005 | 20211209082901.0 | ||
| 008 | 200119s1883 enk b 001 0 eng | ||
| 035 | _a(BD-RjUL)76994 | ||
| 040 |
_aDLC _cOKentU _dOCoLC _dDLC _beng |
||
| 041 | _aeng | ||
| 082 |
_223 _a820.9 _bSAH 1893 |
||
| 100 | 1 |
_aSaintsbury, George, _d1845-1933. _9237840 |
|
| 245 | 1 | 2 |
_aA history of Elizabethan literature / _cby George Saintsbury. |
| 250 | _a2nd.ed. 1890 | ||
| 260 |
_aLondon, _aNew York : _bMacmillan and Co., _c1890[1893]. |
||
| 300 |
_axiv, 471 p. ; _c19 cm. |
||
| 500 | _a"Intended to form the second volume of a History of English literature divided into four main periods ... The volume on the earliest period of English literature has been undertaken by Mr. Stopford Brooke, the volume dealing with the Literature of the eighteenth century, by Mr. Edmund Gosse and that on Modern literature by Professor Dowden."--Advertisement. Dated 1887. | ||
| 504 | _aIndex I--Bibliographical: p. [463]-467.--Index II--General: p. 468-471. | ||
| 650 | 0 |
_aEnglish literature _yEarly modern, 1500-1700 _xHistory and criticism. _9237841 |
|
| 651 | 0 |
_aEngland _xIntellectual life _y16th century. _9237842 |
|
| 906 |
_a7 _bcbc _coclcrpl _du _encip _f19 _gy-gencatlg |
||
| 942 |
_2ddc _cBK |
||
| 999 |
_c76770 _d76770 |
||